000 00590nam a2200193Ii 4500
003 JO-AjNU
008 230606s9999||||xx |||||||||||||| ||und||
040 _aJO-AjNU
_beng
_erda
_cJO-AjNU
041 _aeng
050 1 4 _aQA76.76.O63.S733.2009
100 3 _aStallings,Willam,
_eauthor
_9945
245 0 0 _aOPERATING SYSTEMS INTERNALS AND DESIGN PRINCIPLES
264 3 1 _aCOURSE TECHNOLOGY:Australia,2011
300 _a524p
336 _atext
_btxt
_2rdacontent
337 _aunmediated
_bn
_2rdamedia
338 _avolume
_bnc
_2rdacarrier
650 4 _a: Operating systems (Computers) 
_9946
999 _aE498
_c498
_d498